[Event "HUN-chT2 Barcza 1516"]
[Site "Hungary"]
[Date "2016.04.03"]
[Round "10.5"]
[White "Kelemen, Gyorgy"]
[Black "Csorsz, Ferenc"]
[Result "1-0"]
[WhiteElo "2021"]
[BlackElo "2039"]
[PlyCount "99"]
[EventDate "2015.09.13"]
[EventType "team-tourn"]
[EventRounds "11"]
[EventCountry "HUN"]
[SourceTitle "EXT 2017"]
[Source "ChessBase"]
[SourceDate "2016.10.25"]
[SourceVersion "1"]
[SourceVersionDate "2016.10.25"]
[SourceQuality "1"]
[WhiteTeam "Mezokovesd"]
[BlackTeam "Nyiregyhaza"]
[WhiteTeamCountry "HUN"]
[BlackTeamCountry "HUN"]

1. e4 c5 2. Nf3 Nc6 3. Bb5 g6 4. 0-0 Bg7 5. Re1 e5 6. c3 Nge7 7. d3 0-0 8. Be3 Qb6 9. Bxc6 Nxc6 10. b4 d6 11. a4 a5 12. b5 Ne7 13. Qd2 Bg4 14. Ng5 f6 15. Qa2+ d5 16. exd5 Kh8 17. d6 Qxd6 18. Nf7+ Rxf7 19. Qxf7 Be6 20. Bxc5 Qxc5 21. Qxe6 Nd5 22. Qd7 Nf4 23. d4 exd4 24. Re7 Qg5 25. Re8+ Bf8 26. g3 Nh3+ 27. Kg2 Nf4+ 28. Kf1 Qh5 29. gxf4 Rxe8 30. Qxe8 Qd1+ 31. Qe1 Qd3+ 32. Qe2 Qh3+ 33. Kg1 dxc3 34. Na3 Bd6 35. Qe3 Qg4+ 36. Qg3 Qf5 37. Qxc3 Qxf4 38. Qc8+ Kg7 39. Qd7+ Kh6 40. Qh3+ Kg7 41. Rd1 f5 42. Qc3+ Kh6 43. Qc1 Qxc1 44. Rxc1 Bxa3 45. Rc7 b6 46. Rc6 Kg5 47. Rxb6 Kf4 48. Rc6 Ke5 49. b6 Bd6 50. b7 1-0

[Event "HUN-chT2 Barcza 1516"]
[Site "Hungary"]
[Date "2016.02.14"]
[Round "7.4"]
[White "Toth, Janos"]
[Black "Kelemen, Gyorgy"]
[Result "0-1"]
[WhiteElo "2151"]
[BlackElo "2007"]
[PlyCount "50"]
[EventDate "2015.09.13"]
[EventType "team-tourn"]
[EventRounds "11"]
[EventCountry "HUN"]
[SourceTitle "EXT 2017"]
[Source "ChessBase"]
[SourceDate "2016.10.25"]
[SourceVersion "1"]
[SourceVersionDate "2016.10.25"]
[SourceQuality "1"]
[WhiteTeam "Hajduboszormeny"]
[BlackTeam "Mezokovesd"]
[WhiteTeamCountry "HUN"]
[BlackTeamCountry "HUN"]

1. d4 Nf6 2. Nf3 e6 3. Bg5 d5 4. e3 Be7 5. Bd3 0-0 6. 0-0 Nbd7 7. c4 dxc4 8. Bxc4 b6 9. Nc3 Bb7 10. Qe2 c5 11. Rfd1 Ne4 12. Nxe4 Bxe4 13. Bf4 Qc8 14. Rac1 a5 15. a3 Qb7 16. Bb5 Nf6 17. Ne5 Nd5 18. Bg3 Nc7 19. f3 Nxb5 20. Qxb5 f6 21. dxc5 Bxc5 22. Rd7 Bxe3+ 23. Kh1 Qa6 24. Rcc7 Qxb5 25. Rxg7+ Kh8 0-1

[Event "HUN-chT2 Barcza 1415"]
[Site "Hungary"]
[Date "2014.12.14"]
[Round "?"]
[White "Kelemen, Gyorgy"]
[Black "Nagy, Kalman"]
[Result "1-0"]
[WhiteElo "2012"]
[BlackElo "2020"]
[PlyCount "117"]
[EventDate "2014.09.07"]
[EventType "team-tourn"]
[EventRounds "11"]
[EventCountry "HUN"]
[SourceTitle "EXT 2016"]
[Source "ChessBase"]
[SourceDate "2015.10.08"]
[SourceVersion "1"]
[SourceVersionDate "2015.10.08"]
[SourceQuality "1"]
[WhiteTeam "Mezokovesd"]
[BlackTeam "Sajobabony"]
[WhiteTeamCountry "HUN"]
[BlackTeamCountry "HUN"]

1. e4 e5 2. Nf3 Nc6 3. Bb5 d6 4. d4 Bd7 5. 0-0 exd4 6. Nxd4 Nxd4 7. Bxd7+ Qxd7 8. Qxd4 Nf6 9. Nc3 Be7 10. Bd2 a6 11. Rad1 0-0 12. Rfe1 Rfe8 13. Bc1 Rad8 14. h3 Qc6 15. Qd3 h6 16. Nd5 Nxd5 17. exd5 Qd7 18. Re2 Bf6 19. Rde1 Rxe2 20. Rxe2 Re8 21. c4 Rxe2 22. Qxe2 Qf5 23. f3 Qb1 24. Qe8+ Kh7 25. Qe4+ Qxe4 26. fxe4 Kg6 27. Kf2 Bd4+ 28. Kf3 Kf6 29. g4 g5 30. b3 Ke5 31. Bd2 Bb2 32. Be3 f6 33. c5 Bd4 34. cxd6 cxd6 35. Bd2 b6 36. Be1 Bc5 37. b4 Bg1 38. Bg3+ Kd4 39. Bxd6 Kc3 40. Be7 b5 41. d6 Bb6 42. d7 Kc4 43. d8Q Bxd8 44. Bxd8 Kxb4 45. Be7+ Kc4 46. Bxf6 a5 47. Ke3 a4 48. Bb2 b4 49. a3 Kb3 50. Bd4 Kxa3 51. e5 b3 52. e6 b2 53. Bxb2+ Kxb2 54. e7 a3 55. e8Q a2 56. Qb5+ Kc1 57. Qc4+ Kb1 58. Qb3+ Ka1 59. Kd2 1-0

[Event "RC-2014-0-00152"]
[Site "LSS email"]
[Date "2014.06.24"]
[Round "?"]
[White "Zabransky, Frantisek"]
[Black "Kelemen, Gyorgy"]
[Result "1-0"]
[WhiteElo "1913"]
[BlackElo "1775"]
[PlyCount "41"]
[EventDate "2014.04.13"]
[EventType "tourn (corr)"]
[EventRounds "6"]
[EventCountry "GER"]
[SourceTitle "Corr 2015"]
[Source "ChessBase"]
[SourceDate "2015.07.17"]
[SourceVersion "1"]
[SourceVersionDate "2015.07.17"]
[SourceQuality "1"]

1. e4 c5 2. Nf3 d6 3. d4 cxd4 4. Nxd4 Nf6 5. Nc3 a6 6. Be2 e6 7. 0-0 Be7 8. Qd3 0-0 9. Qg3 Kh8 10. Be3 Bd7 11. f4 Nc6 12. Rad1 Nxd4 13. Rxd4 Qa5 14. e5 dxe5 15. fxe5 Nd5 16. Nxd5 exd5 17. b4 Bxb4 18. Rh4 Bc5 19. Bd3 g6 20. Kh1 Kg8 21. Rxh7 1-0

[Event "HUN-chT2 Erkel 1314"]
[Site "Hungary"]
[Date "2014.02.16"]
[Round "7.7"]
[White "Kelemen, Gyorgy"]
[Black "Paal, Andras"]
[Result "1/2-1/2"]
[WhiteElo "2029"]
[BlackElo "1933"]
[PlyCount "26"]
[EventDate "2013.09.08"]
[EventType "team-tourn"]
[EventRounds "11"]
[EventCountry "HUN"]
[SourceTitle "EXT 2016"]
[Source "ChessBase"]
[SourceDate "2015.10.08"]
[SourceVersion "1"]
[SourceVersionDate "2015.10.08"]
[SourceQuality "1"]
[WhiteTeam "Mezokovesd"]
[BlackTeam "Andornaktalya"]
[WhiteTeamCountry "HUN"]
[BlackTeamCountry "HUN"]

1. e4 e6 2. d4 d5 3. Nd2 Nf6 4. e5 Nfd7 5. f4 c5 6. c3 Nc6 7. Ndf3 Qb6 8. g3 cxd4 9. cxd4 Bb4+ 10. Kf2 0-0 11. Kg2 f6 12. Ne2 Be7 13. Qc2 Qd8 1/2-1/2

[Event "CP-2012-Q-00007"]
[Site "LSS email"]
[Date "2013.12.17"]
[Round "?"]
[White "Kelemen, Gyorgy"]
[Black "Bacino, Gustavo"]
[Result "0-1"]
[WhiteElo "1814"]
[BlackElo "2137"]
[PlyCount "140"]
[EventDate "2013.12.22"]
[EventType "tourn (corr)"]
[EventRounds "6"]
[EventCountry "GER"]
[SourceTitle "Corr 2015"]
[Source "ChessBase"]
[SourceDate "2015.07.17"]
[SourceVersion "1"]
[SourceVersionDate "2015.07.17"]
[SourceQuality "1"]

1. e4 c5 2. Nf3 d6 3. d4 cxd4 4. Nxd4 Nf6 5. Nc3 a6 6. f4 e5 7. Nf3 Nbd7 8. Be3 Be7 9. Qd2 Qc7 10. 0-0-0 b5 11. Nd5 Nxd5 12. exd5 exf4 13. Bd4 0-0 14. Qxf4 Bf6 15. Bd3 Bb7 16. h4 Be5 17. Qf5 g6 18. Qg5 Bxd4 19. Nxd4 Ne5 20. Be4 h5 21. Rhf1 Rae8 22. Rf6 Bc8 23. Nc6 Ng4 24. Rf4 Kg7 25. Rdf1 f5 26. Bf3 Ne3 27. Rf2 Kh7 28. Re2 Qf7 29. Rd4 f4 30. Re4 Rxe4 31. Bxe4 Qf6 32. Qxh5+ Kg7 33. Qg5 Rh8 34. Qxf6+ Kxf6 35. Rf2 g5 36. g3 Kg7 37. gxf4 gxh4 38. Re2 Nf1 39. Rg2+ Ng3 40. Bd3 Kf6 41. Nd4 Nf5 42. Bxf5 Bxf5 43. Rh2 h3 44. Kd2 Be4 45. Ke3 Bxd5 46. a3 Bg2 47. c3 Re8+ 48. Kf2 Re4 49. Ne2 Rxe2+ 50. Kxe2 Kf5 51. a4 Kxf4 52. axb5 axb5 53. Kf2 Ke5 54. Ke3 Kf5 55. Kf2 Kf4 56. b3 d5 57. Ke2 Kg3 58. Rxh3+ Bxh3 59. Ke3 b4 60. Kd4 bxc3 61. Kxc3 Bc8 62. Kd4 Bb7 63. b4 Kf4 64. b5 Kf5 65. Kc5 Ke5 66. Kb6 d4 67. Kxb7 d3 68. b6 d2 69. Kc7 d1Q 70. b7 Qd6+ 0-1

[Event "CP-2012-Q-00007"]
[Site "LSS email"]
[Date "2013.12.17"]
[Round "?"]
[White "Simmelink, Joop Theo"]
[Black "Kelemen, Gyorgy"]
[Result "1-0"]
[WhiteElo "2289"]
[BlackElo "1814"]
[PlyCount "57"]
[EventDate "2013.12.22"]
[EventType "tourn (corr)"]
[EventRounds "6"]
[EventCountry "GER"]
[SourceTitle "Corr 2015"]
[Source "ChessBase"]
[SourceDate "2015.07.17"]
[SourceVersion "1"]
[SourceVersionDate "2015.07.17"]
[SourceQuality "1"]

1. e4 e5 2. Nf3 Nc6 3. Bb5 a6 4. Ba4 Nf6 5. 0-0 Be7 6. Re1 b5 7. Bb3 d6 8. c3 0-0 9. h3 Na5 10. Bc2 c5 11. d4 Qc7 12. d5 Bd7 13. b3 Nb7 14. Nbd2 g6 15. Nf1 c4 16. b4 Nh5 17. Be3 a5 18. a4 axb4 19. cxb4 bxa4 20. Bxa4 Bxa4 21. Rxa4 c3 22. b5 Nf4 23. b6 c2 24. Rxa8 cxd1Q 25. Rxf8+ Kxf8 26. bxc7 Qc2 27. Bb6 Kg7 28. Ne3 Bd8 29. Nxc2 1-0

[Event "LSS No Engine Cup 74 Final"]
[Site "LSS email"]
[Date "2013.05.13"]
[Round "?"]
[White "Kelemen, Gyorgy"]
[Black "Stadler, Pavel"]
[Result "1/2-1/2"]
[WhiteElo "1773"]
[BlackElo "1408"]
[PlyCount "48"]
[EventDate "2013.05.14"]
[EventType "tourn (corr)"]
[EventRounds "6"]
[EventCountry "GER"]
[SourceTitle "Telechess CBM 167"]
[Source "ChessBase"]
[SourceDate "2015.07.13"]
[SourceVersion "1"]
[SourceVersionDate "2015.07.13"]
[SourceQuality "1"]

1. e4 e6 2. d4 d5 3. Nc3 Bb4 4. e5 c5 5. a3 Bxc3+ 6. bxc3 Ne7 7. Qg4 0-0 8. Bd3 Nbc6 9. Qh5 Ng6 10. Nf3 Qc7 11. Be3 c4 12. Bxg6 fxg6 13. Qg4 Bd7 14. h4 Rf5 15. h5 gxh5 16. Rxh5 Rxh5 17. Qxh5 Be8 18. Qh3 Nd8 19. Kd2 Bg6 20. Nh4 Qf7 21. Rb1 b6 22. f3 Nc6 23. Qg3 Ne7 24. Qg4 Bf5 1/2-1/2

[Event "LSS No Engine Cup 72 Final"]
[Site "LSS email"]
[Date "2013.03.30"]
[Round "?"]
[White "Kelemen, Gyorgy"]
[Black "Bieszk, Stanislaw"]
[Result "1-0"]
[WhiteElo "1774"]
[BlackElo "923"]
[PlyCount "73"]
[EventDate "2013.03.31"]
[EventType "tourn (corr)"]
[EventRounds "6"]
[EventCountry "GER"]
[SourceTitle "Telechess CBM 163"]
[Source "ChessBase"]
[SourceDate "2014.11.11"]
[SourceVersion "2"]
[SourceVersionDate "2014.11.11"]
[SourceQuality "1"]

1. e4 c5 2. Nf3 d6 3. Bb5+ Bd7 4. Bxd7+ Qxd7 5. 0-0 Nc6 6. c3 Nf6 7. Re1 e6 8. d4 cxd4 9. cxd4 d5 10. e5 Ne4 11. Nbd2 Nxd2 12. Bxd2 Be7 13. Rc1 0-0 14. Rc3 Rfc8 15. a3 Nd8 16. Qb3 Rxc3 17. Bxc3 Rc8 18. g3 Nc6 19. Bd2 a6 20. Rc1 b5 21. Qd3 Qd8 22. Kg2 Na7 23. Rc2 Rc4 24. Bc3 a5 25. b3 Rc6 26. Ra2 Qc7 27. Bd2 h6 28. h4 a4 29. bxa4 bxa4 30. Bb4 Bxb4 31. axb4 Rc3 32. Qa6 a3 33. Rxa3 Rxa3 34. Qxa3 Nb5 35. Qa8+ Kh7 36. Qf8 Qc3 37. Qxf7 1-0

[Event "LSS No Engine Cup 72 Final"]
[Site "LSS email"]
[Date "2013.03.30"]
[Round "?"]
[White "Kelemen, Gyorgy"]
[Black "Nowak, Andrzej"]
[Result "1/2-1/2"]
[WhiteElo "1774"]
[BlackElo "1551"]
[PlyCount "128"]
[EventDate "2013.03.31"]
[EventType "tourn (corr)"]
[EventRounds "6"]
[EventCountry "GER"]
[SourceTitle "Telechess CBM 163"]
[Source "ChessBase"]
[SourceDate "2014.11.11"]
[SourceVersion "2"]
[SourceVersionDate "2014.11.11"]
[SourceQuality "1"]

1. e4 c5 2. Nf3 d6 3. Bb5+ Nd7 4. d4 cxd4 5. Qxd4 a6 6. Bxd7+ Bxd7 7. 0-0 e5 8. Qd3 h6 9. c4 Nf6 10. Nc3 Be7 11. a4 Rc8 12. Rd1 Qa5 13. Bd2 Qb4 14. Nb5 Qc5 15. Be3 Qb4 16. Nxd6+ Bxd6 17. Qxd6 Qxd6 18. Rxd6 Nxe4 19. Rd5 f6 20. Nxe5 Be6 21. Rd4 Nc5 22. Ng6 Nb3 23. Nxh8 Nxa1 24. Re4 Ke7 25. Ng6+ Kf7 26. Nf4 Bxc4 27. Rd4 g5 28. Nd5 Nb3 29. Nb6 Nxd4 30. Nxc8 Nf5 31. Bc5 Ke6 32. Nb6 Bd5 33. f3 Bc6 34. Kf2 h5 35. b3 g4 36. fxg4 hxg4 37. a5 Nh4 38. Kg3 Nxg2 39. Kxg4 f5+ 40. Kg3 Ne1 41. Be3 Nd3 42. Nc4 Be8 43. Nd2 Bf7 44. Nf3 Bh5 45. Bd2 Kd5 46. Ng5 Nc5 47. b4 Nb3 48. Bf4 Nd4 49. Be3 Nc2 50. Bd2 Kc4 51. Ne6 Nxb4 52. Nd8 Nd3 53. Nxb7 Kd5 54. Be3 Ke4 55. Ba7 f4+ 56. Kh4 Be2 57. Nc5+ Nxc5 58. Bxc5 Kf5 59. Bf2 Bd3 60. Kh3 Bf1+ 61. Kh4 Be2 62. Kh3 Bf3 63. Kh4 Bg4 64. Ba7 Be2 1/2-1/2

[Event "LSS No Engine Cup 72 Final"]
[Site "LSS email"]
[Date "2013.03.30"]
[Round "?"]
[White "Kelemen, Gyorgy"]
[Black "Svrsek, Radomir Jr"]
[Result "1/2-1/2"]
[WhiteElo "1774"]
[BlackElo "1922"]
[PlyCount "69"]
[EventDate "2013.03.31"]
[EventType "tourn (corr)"]
[EventRounds "6"]
[EventCountry "GER"]
[SourceTitle "Telechess CBM 163"]
[Source "ChessBase"]
[SourceDate "2014.11.11"]
[SourceVersion "2"]
[SourceVersionDate "2014.11.11"]
[SourceQuality "1"]

1. e4 e5 2. Nf3 Nc6 3. Bb5 a6 4. Ba4 Nf6 5. 0-0 b5 6. Bb3 d6 7. Re1 Be7 8. c3 0-0 9. d4 Bg4 10. d5 Na5 11. Bc2 c6 12. h3 Bd7 13. Nxe5 dxe5 14. d6 h6 15. Qd3 c5 16. dxe7 Qxe7 17. Qg3 Nh5 18. Qf3 Nf6 19. Nd2 Rfd8 20. Nf1 Nc4 21. Ne3 Nxe3 22. Bxe3 Bc6 23. Rad1 c4 24. Qe2 Bxe4 25. Rxd8+ Rxd8 26. Bxe4 Nxe4 27. Bxh6 Nc5 28. Qg4 f6 29. Be3 Nd3 30. Re2 Qd7 31. Qf3 f5 32. Bg5 Rc8 33. Rd2 a5 34. Qg3 Qe6 35. Qh4 1/2-1/2

[Event "LSS No Engine Cup 72 Final"]
[Site "LSS email"]
[Date "2013.03.30"]
[Round "?"]
[White "Potemri, Stefan"]
[Black "Kelemen, Gyorgy"]
[Result "1/2-1/2"]
[WhiteElo "1603"]
[BlackElo "1774"]
[PlyCount "89"]
[EventDate "2013.03.31"]
[EventType "tourn (corr)"]
[EventRounds "6"]
[EventCountry "GER"]
[SourceTitle "Telechess CBM 163"]
[Source "ChessBase"]
[SourceDate "2014.11.11"]
[SourceVersion "2"]
[SourceVersionDate "2014.11.11"]
[SourceQuality "1"]

1. e4 c5 2. Nf3 d6 3. d4 cxd4 4. Nxd4 Nf6 5. Nc3 a6 6. Bc4 e6 7. 0-0 Be7 8. Qf3 Qc7 9. Be2 e5 10. Nb3 0-0 11. Qg3 Kh8 12. Be3 b5 13. a3 Bb7 14. f3 Nbd7 15. Rfd1 Kg8 16. Qf2 Nc5 17. Nxc5 dxc5 18. a4 b4 19. Nb1 Nh5 20. Nd2 Nf4 21. Bc4 a5 22. Nb3 Ba6 23. Qf1 Bc8 24. g3 Bh3 25. Qf2 Be6 26. Bf1 c4 27. Nc5 Nh3+ 28. Bxh3 Bxh3 29. Rd5 Rfd8 30. Rad1 Bxc5 31. Bxc5 Rxd5 32. Rxd5 Qc6 33. g4 Qxa4 34. Qd2 h5 35. Kf2 hxg4 36. fxg4 Bxg4 37. Rd8+ Rxd8 38. Qxd8+ Kh7 39. Qh4+ Kg8 40. Qxg4 Qxc2+ 41. Qe2 Qb3 42. Be3 c3 43. bxc3 Qxc3 44. Qd1 Qc7 45. Qa4 1/2-1/2

[Event "BI-2012-F-00013"]
[Site "LSS email"]
[Date "2013.02.15"]
[Round "?"]
[White "Blair, Matthew"]
[Black "Kelemen, Gyorgy"]
[Result "1-0"]
[WhiteElo "1842"]
[BlackElo "1774"]
[PlyCount "77"]
[EventDate "2013.02.20"]
[EventType "tourn (corr)"]
[EventRounds "10"]
[EventCountry "GER"]
[SourceTitle "Telechess CBM 163"]
[Source "ChessBase"]
[SourceDate "2014.11.11"]
[SourceVersion "2"]
[SourceVersionDate "2014.11.11"]
[SourceQuality "1"]

1. e4 c5 2. Nf3 d6 3. d4 cxd4 4. Nxd4 Nf6 5. Nc3 a6 6. Be3 e5 7. Nb3 Be6 8. Qd2 Nbd7 9. f3 Be7 10. g4 0-0 11. 0-0-0 b5 12. g5 b4 13. Ne2 Ne8 14. Ng3 a5 15. Kb1 a4 16. Nc1 b3 17. cxb3 axb3 18. a3 Rc8 19. h4 g6 20. Bb5 f5 21. exf5 gxf5 22. f4 Rc2 23. Qd3 e4 24. Qd4 Qc7 25. Rd2 Ng7 26. Nxb3 Rc8 27. Qb4 Ne5 28. fxe5 dxe5 29. Qa4 f4 30. Bxf4 exf4 31. Nxe4 Rxd2 32. Nexd2 Qc2+ 33. Ka1 f3 34. Rc1 Qxc1+ 35. Nxc1 Rxc1+ 36. Nb1 Bf5 37. Bc4+ Kf8 38. Qa8+ Ne8 39. Qd5 1-0

[Event "BI-2012-F-00013"]
[Site "LSS email"]
[Date "2013.02.15"]
[Round "?"]
[White "Kele, Karoly"]
[Black "Kelemen, Gyorgy"]
[Result "1-0"]
[WhiteElo "1980"]
[BlackElo "1774"]
[PlyCount "113"]
[EventDate "2013.02.20"]
[EventType "tourn (corr)"]
[EventRounds "10"]
[EventCountry "GER"]
[SourceTitle "Telechess CBM 163"]
[Source "ChessBase"]
[SourceDate "2014.11.11"]
[SourceVersion "2"]
[SourceVersionDate "2014.11.11"]
[SourceQuality "1"]

1. e4 c5 2. Nf3 d6 3. d4 cxd4 4. Nxd4 Nf6 5. Nc3 a6 6. Be3 e5 7. Nb3 Be6 8. Qd2 Nbd7 9. f3 Be7 10. g4 0-0 11. 0-0-0 b5 12. g5 b4 13. Ne2 Ne8 14. f4 a5 15. f5 a4 16. fxe6 axb3 17. exf7+ Rxf7 18. Kb1 bxc2+ 19. Qxc2 Bxg5 20. Bxg5 Qxg5 21. Ng3 Kh8 22. Nf5 Ndf6 23. Bc4 Rc7 24. Rhg1 Qf4 25. Rgf1 b3 26. Qg2 Qg4 27. Qxg4 Nxg4 28. Bxb3 Nxh2 29. Rg1 Nf3 30. Rg3 Nd4 31. Nxd4 exd4 32. Rxd4 Rac8 33. a4 Nf6 34. Re3 Re7 35. Rxd6 Rxe4 36. Be6 Rxe3 37. Bxc8 Re8 38. Bb7 Rb8 39. Rb6 Nd5 40. Rb3 Nc7 41. a5 h5 42. Kc2 g5 43. a6 Nxa6 44. Bxa6 Rxb3 45. Kxb3 Kg7 46. Kc4 Kf6 47. Kd5 g4 48. Bf1 Kf5 49. b4 Kf4 50. b5 Kf3 51. b6 g3 52. b7 g2 53. Bxg2+ Kxg2 54. b8Q h4 55. Ke4 h3 56. Qb2+ Kg3 57. Qe2 1-0

[Event "BI-2012-F-00013"]
[Site "LSS email"]
[Date "2013.02.15"]
[Round "?"]
[White "Kelemen, Gyorgy"]
[Black "Albesa, Alfredo Ricardo"]
[Result "0-1"]
[WhiteElo "1774"]
[BlackElo "1813"]
[PlyCount "146"]
[EventDate "2013.02.20"]
[EventType "tourn (corr)"]
[EventRounds "10"]
[EventCountry "GER"]
[SourceTitle "Telechess CBM 163"]
[Source "ChessBase"]
[SourceDate "2014.11.11"]
[SourceVersion "2"]
[SourceVersionDate "2014.11.11"]
[SourceQuality "1"]

1. e4 c5 2. Nf3 d6 3. Bb5+ Bd7 4. Bxd7+ Qxd7 5. 0-0 Nc6 6. c3 Nf6 7. Re1 e6 8. d4 cxd4 9. cxd4 d5 10. e5 Ne4 11. Nbd2 Nxd2 12. Bxd2 Be7 13. Rc1 Rc8 14. Qb3 0-0 15. Rc3 Na5 16. Qc2 Nc4 17. Rc1 b5 18. Qb3 a6 19. R3c2 Rc6 20. Qd3 Rfc8 21. b3 Nxd2 22. Qxd2 Bb4 23. Qe2 Rxc2 24. Rxc2 Rc6 25. h3 Qc7 26. Rxc6 Qxc6 27. Kh2 Qc3 28. a4 bxa4 29. bxa4 Qc6 30. Qd1 Qc4 31. Kg3 Qa2 32. Ng5 h6 33. Nf3 h5 34. h4 Be7 35. Nd2 g6 36. Nf3 Bd8 37. Ne1 Qb2 38. f4 Qc3+ 39. Nf3 Qe3 40. Qf1 a5 41. Qd1 Bb6 42. Qa1 Qb3 43. Kf2 Bd8 44. Kg3 Kg7 45. Kh2 Be7 46. Kh3 Ba3 47. f5 exf5 48. Qe1 Qxa4 49. e6 f6 50. e7 Qe8 51. Qxa5 Qxe7 52. Qxd5 Bd6 53. Qc6 Bc7 54. g3 f4 55. g4 hxg4+ 56. Kxg4 Bd6 57. Kh3 Qe2 58. Nh2 Be7 59. Qf3 Qe3 60. Qxe3 fxe3 61. Nf3 Kh6 62. d5 Kh5 63. Nd4 Bd6 64. Ne2 f5 65. Ng3+ Kh6 66. Ne2 Be5 67. Ng1 Kh5 68. Nf3 Bd6 69. Ng1 f4 70. Nf3 Be7 71. Kg2 Kg4 72. Nd4 Bxh4 73. Ne2 f3+ 0-1

[Event "BI-2012-F-00013"]
[Site "LSS email"]
[Date "2013.02.15"]
[Round "?"]
[White "Laine, Jari"]
[Black "Kelemen, Gyorgy"]
[Result "1-0"]
[WhiteElo "1816"]
[BlackElo "1774"]
[PlyCount "135"]
[EventDate "2013.02.20"]
[EventType "tourn (corr)"]
[EventRounds "10"]
[EventCountry "GER"]
[SourceTitle "Telechess CBM 163"]
[Source "ChessBase"]
[SourceDate "2014.11.11"]
[SourceVersion "2"]
[SourceVersionDate "2014.11.11"]
[SourceQuality "1"]

1. d4 Nf6 2. c4 e6 3. Nc3 Bb4 4. Qc2 0-0 5. a3 Bxc3+ 6. Qxc3 b6 7. Bg5 Bb7 8. e3 d6 9. Ne2 Nbd7 10. Qc2 c5 11. Rd1 Qe7 12. f3 Rac8 13. Nc3 h6 14. Bh4 d5 15. cxd5 cxd4 16. d6 Qxd6 17. Rxd4 Qc5 18. Bf2 Qg5 19. h4 Qe5 20. Bc4 Nd5 21. Bxd5 exd5 22. 0-0 Bc6 23. Rc1 Nc5 24. Rcd1 Ne6 25. R4d2 Rfd8 26. Qb3 Rd7 27. Qb4 Rcd8 28. a4 Kh7 29. a5 Rb8 30. Rc1 bxa5 31. Qxa5 f6 32. Qa3 Rbb7 33. Rcd1 f5 34. Qa5 Rf7 35. Qa6 Rb6 36. Qf1 Rfb7 37. Nxd5 Rxb2 38. f4 Qb8 39. Rxb2 Rxb2 40. Qd3 Qf8 41. Qc3 Ba4 42. Rc1 Rb5 43. e4 Qd6 44. Qc4 Nxf4 45. Qxa4 Rxd5 46. exd5 Ne2+ 47. Kh1 Nxc1 48. Qc4 a5 49. Qxc1 Qxd5 50. Qf4 Qe4 51. Qxe4 fxe4 52. g4 a4 53. Kg2 Kg6 54. Bd4 h5 55. g5 Kf7 56. Kf2 g6 57. Ke3 Ke6 58. Kxe4 a3 59. Bf6 Kd6 60. Bd4 Ke6 61. Bc3 a2 62. Be5 Ke7 63. Kd5 Kd7 64. Bf6 Ke8 65. Ke6 Kf8 66. Ba1 Kg8 67. Kf6 Kh7 68. Bd4 1-0

[Event "RB-2012-0-00195"]
[Site "LSS email"]
[Date "2012.12.02"]
[Round "?"]
[White "Korchut, Adam"]
[Black "Kelemen, Gyorgy"]
[Result "1/2-1/2"]
[WhiteElo "1837"]
[BlackElo "1865"]
[PlyCount "55"]
[EventDate "2012.09.22"]
[EventType "tourn (corr)"]
[EventRounds "6"]
[EventCountry "GER"]
[SourceTitle "Telechess CBM 159"]
[Source "ChessBase"]
[SourceDate "2014.03.17"]
[SourceVersion "1"]
[SourceVersionDate "2014.03.17"]
[SourceQuality "1"]

1. d4 Nf6 2. c4 e6 3. Nc3 Bb4 4. Nf3 d5 5. Bg5 Nbd7 6. cxd5 exd5 7. Qc2 0-0 8. e3 h6 9. Bh4 c5 10. Be2 Re8 11. 0-0 Bxc3 12. bxc3 Qa5 13. c4 b6 14. cxd5 Nxd5 15. Rfc1 Ba6 16. Bxa6 Qxa6 17. Qb3 Ne7 18. Bxe7 Rxe7 19. a4 Rc8 20. a5 cxd4 21. axb6 Rxc1+ 22. Rxc1 Nxb6 23. Qb4 Rd7 24. Nxd4 Rc7 25. Rd1 Qc8 26. h3 Rc1 27. Rxc1 Qxc1+ 28. Kh2 1/2-1/2

[Event "LSS No Engine Cup 75 Preliminary 4"]
[Site "LSS email"]
[Date "2012.10.27"]
[Round "?"]
[White "Shim Ng Min, Francis"]
[Black "Kelemen, Gyorgy"]
[Result "0-1"]
[WhiteElo "862"]
[BlackElo "1865"]
[PlyCount "40"]
[EventDate "2012.10.28"]
[EventType "tourn (corr)"]
[EventRounds "6"]
[EventCountry "GER"]
[SourceTitle "Telechess CBM 159"]
[Source "ChessBase"]
[SourceDate "2014.03.17"]
[SourceVersion "1"]
[SourceVersionDate "2014.03.17"]
[SourceQuality "1"]

1. e4 c5 2. Nf3 d6 3. Bb5+ Nd7 4. d4 a6 5. Be2 g6 6. 0-0 Bg7 7. Nc3 h6 8. Be3 b6 9. Qd2 Bb7 10. Rad1 Qc7 11. h3 Ngf6 12. d5 b5 13. a3 b4 14. axb4 cxb4 15. Na4 Qa5 16. b3 Nxe4 17. Qd3 Ndc5 18. Nxc5 Nxc5 19. Bxc5 Qxc5 20. Nd2 Qxd5 0-1

[Event "LSS No Engine Cup 74 Preliminary 2"]
[Site "LSS email"]
[Date "2012.10.09"]
[Round "?"]
[White "Chamberlain, Edwin"]
[Black "Kelemen, Gyorgy"]
[Result "0-1"]
[WhiteElo "1021"]
[BlackElo "1875"]
[PlyCount "70"]
[EventDate "2012.10.10"]
[EventType "tourn (corr)"]
[EventRounds "6"]
[EventCountry "GER"]
[SourceTitle "Telechess CBM 165"]
[Source "ChessBase"]
[SourceDate "2015.03.11"]
[SourceVersion "1"]
[SourceVersionDate "2015.03.11"]
[SourceQuality "1"]
[BlackTeam "England"]
[BlackTeamCountry "ENG"]

1. d4 Nf6 2. Bg5 Ne4 3. Bf4 c5 4. f3 Qa5+ 5. c3 Nf6 6. Nd2 cxd4 7. Nb3 Qb6 8. Qxd4 Nc6 9. Qxb6 axb6 10. e4 d5 11. Bb5 dxe4 12. fxe4 Nxe4 13. Nf3 f6 14. Bc7 e5 15. Bxb6 Be6 16. 0-0 Nd6 17. Be2 Nc4 18. Bxc4 Bxc4 19. Rfe1 Ra6 20. Bf2 Be7 21. Nc5 Bxc5 22. Bxc5 Rxa2 23. Rab1 Kf7 24. Ba3 Bd5 25. Red1 Ke6 26. Ne1 Na5 27. Nc2 Be4 28. Nb4 Bxb1 29. Rxb1 Rxa3 30. bxa3 Rc8 31. Rc1 b5 32. Kf2 Nc4 33. Nc2 Nd6 34. Re1 Rxc3 35. Nd4+ Kd5 0-1

[Event "LSS No Engine Cup 74 Preliminary 2"]
[Site "LSS email"]
[Date "2012.10.09"]
[Round "?"]
[White "Kelemen, Gyorgy"]
[Black "Chester, Ian"]
[Result "1-0"]
[WhiteElo "1875"]
[BlackElo "1372"]
[PlyCount "45"]
[EventDate "2012.10.10"]
[EventType "tourn (corr)"]
[EventRounds "6"]
[EventCountry "GER"]
[SourceTitle "Telechess CBM 165"]
[Source "ChessBase"]
[SourceDate "2015.03.11"]
[SourceVersion "1"]
[SourceVersionDate "2015.03.11"]
[SourceQuality "1"]
[WhiteTeam "England"]
[WhiteTeamCountry "ENG"]

1. e4 e6 2. d4 d5 3. Nc3 Bb4 4. e5 c5 5. a3 Ba5 6. b4 cxd4 7. Qg4 Ne7 8. Nb5 Bc7 9. Qxg7 Rg8 10. Qxh7 Bxe5 11. Nf3 Rh8 12. Qd3 Bf6 13. Bf4 e5 14. Bxe5 Bxe5 15. Nxe5 a6 16. Nxd4 Rh4 17. 0-0-0 Qc7 18. Qg3 Rh5 19. Re1 Qb6 20. Nxf7 Qxd4 21. Qg8+ Kd7 22. Qd8+ Kc6 23. Qd6# 1-0